书目信息 |
| 书名: | Police Organization and Management | |
| 作者: | Roberg. | |
| 分册号: | ||
| 分册名: | 出版地: | Pacific Grove : |
|
| 出版社: | Brooks/Cole Publishing Company | |
| 出版时间: | 1990. | |
| 页数: | 490 p. ; | |
| 开本: | 23cm. | |
| 丛书名: | ||
| 中图分类号: | ||
| 科图分类号: | ||
| 其他分类号: | D693.65 | |
| 主题词: | ||
| 电子资源: | ||
| 000 | 00421nam 2200145 a 4500 | |
| 001 | E0361285859 | |
| 005 | 2003062017012531 | |
| 008 | 030620s1990 00010 eng | |
| 020 | @a0-534-11802-X :@c12.00CNY. | |
| 040 | @aPFT@beng | |
| 090 | @aD693.65 | |
| 099 | @dD693.65@eR638 | |
| 245 | @aPolice Organization and Management / @cRoberg. | |
| 260 | @aPacific Grove :@bBrooks/Cole Publishing Company,@c1990. | |
| 300 | @a490 p. ;@c23cm. | |
| Police Organization and Management / / Roberg.-Pacific Grove : : Brooks/Cole Publishing Company, , 1990. |
| 490 p. ; ; 23cm. |
| ISBN 0-534-11802-X :12.00CNY. |
| ● |
| 相关链接 |
|
|
|
正题名:Police Organization and Management
索取号:D693.65/R638
 
预约/预借
| 序号 | 登录号 | 条形码 | 馆藏地/架位号 | 状态 | 备注 |
| 1 | 04254 | 300042549 | 社科库509/509社科库 53排1列1层/ [索取号:D693.65/R638] | 在馆 |